00679nam a2200193Ia 4500008004100000020001800041050002200059082001900081100002200100245007100122250002400193260002900217300001100246600002200257650007600279942001400355952009900369999001700468120905s9999 xx 000 0 und d a968-24-1694-9 aHF5548.2 M66 2005 a004 M449i 2005 aMora, José luis aIntroducción a la informática / José Luis Mora ; Enzo Molino a4ª ed. reimp 2005 aMéxico : Trillasc1985 a398 p. aMora, José luis aProcesamiento electrónico de datos \ Informática \ ComputaciónÌ 2ddccHMAN 00104070a13b13d2010-05-06l0oHF5548.2 M66 2005p13 000414r2012-09-05t1w2012-09-05yLB c83663d83663